| 000 | 00438cam a22001337a 4500 | ||
|---|---|---|---|
| 008 | 180718b1955 xxu||||| |||| 00| 0 eng d | ||
| 082 | _aC41x54 Iy9 | ||
| 100 | _aAiyar, Alladi Krishaswami | ||
| 245 |
_aConstitution and fundamental rights _cby Alladi Krishaswami Aiyar |
||
| 260 |
_aMylapore _bThe Srinivas Sastri Institute of Politics _c1955 |
||
| 300 | _axiv, 80p | ||
| 650 | _aConstitutional law --India | ||
| 650 | _aCivil rights --India | ||
| 999 |
_c423984 _d423984 |
||